000 00511nam a2200169 a 4500
001 000020703
005 20200930011141.0
008 100812s2002 xxu 000 0 eng d
020 _a0618103554
040 _aDO-SdBNP
_beng
_cBPJMB
082 _a973
_bP613a
100 1 _aPiehl, Mel.
_943448
245 1 4 _aThe american pageant :
_bguidebook a manual for students /
_cMel Piehl.
260 _aBoston :
_bHoughton Mifflin Company,
_c2002.
300 _a420 p. ;
_c28 cm.
651 4 _aEstados Unidos
_xHistoria
_942306
999 _c20207
_d20207